CHRISTENSEN'S PHYSICS OF DIAGNOSTIC RADIOLOGY (Record no. 10231)
[ view plain ]
| 000 -LEADER | |
|---|---|
| fixed length control field | 00331nam a22001457a 4500 |
| 003 - CONTROL NUMBER IDENTIFIER | |
| control field | SGT |
| 082 ## - DEWEY DECIMAL CLASSIFICATION NUMBER | |
| Classification number | 616.757 |
| Item number | C13C |
| 100 ## - MAIN ENTRY--PERSONAL NAME | |
| Personal name | CURRY, THOMAS S. |
| 245 ## - TITLE STATEMENT | |
| Title | CHRISTENSEN'S PHYSICS OF DIAGNOSTIC RADIOLOGY |
| 250 ## - EDITION STATEMENT | |
| Edition statement | 4TH |
| 260 ## - PUBLICATION, DISTRIBUTION, ETC. (IMPRINT) | |
| Place of publication, distribution, etc | DELHI |
| Name of publisher, distributor, etc | WOLTERS |
| Year of Publication | 2015 |
| 300 ## - PAGE DESCRIPTION | |
| No. of Pages | 522 |
| 650 ## - SUBJECT ADDED ENTRY--TOPICAL TERM | |
| Topical term or geographic name as entry element | RADIOLOGY |
| 942 ## - ADDED ENTRY ELEMENTS (KOHA) | |
| Source of classification or shelving scheme | Dewey Decimal Classification |
| Koha item type | Books |
| 942 ## - ADDED ENTRY ELEMENTS (KOHA) | |
| -- | 111 |
| Withdrawn status | Lost status | Source of classification or shelving scheme | Damaged status | Not for loan | Collection code | Home library | Current library | Shelving location | Date acquired | Vendor Name | Cost, normal purchase price | SGTU | Bill Number | Total Checkouts | Full call number | Accession No. (Barcode) | Date last seen | Date last borrowed | Bill Date | Koha item type | Total Renewals |
|---|---|---|---|---|---|---|---|---|---|---|---|---|---|---|---|---|---|---|---|---|---|
| Withdrawn | Missing | Dewey Decimal Classification | MEDICAL | SGT Medical Library | SGT Medical Library | Reference Book | 14/12/2016 | ABC | 1200.00 | SGTU | 6436 | 1 | 616.757 C13C | FM7741 | 07/06/2018 | 31/05/2018 | 02/01/2016 | Books | |||
| Dewey Decimal Classification | MEDICAL | SGT Medical Library | SGT Medical Library | Reference Book | 14/12/2016 | ABC | 1200.00 | SGTU | 6436 | 48 | 616.757 C13C | FM7742 | 23/03/2026 | 09/03/2026 | 02/01/2016 | Books | |||||
| Dewey Decimal Classification | MEDICAL | SGT Medical Library | SGT Medical Library | Reference Book | 14/12/2016 | ABC | 1200.00 | SGTU | 6436 | 58 | 616.757 C13C | FM7743 | 03/04/2026 | 11/03/2026 | 02/01/2016 | Books | 1 | ||||
| Dewey Decimal Classification | MEDICAL | SGT Medical Library | SGT Medical Library | Reference Book | 14/12/2016 | ABC | 1200.00 | SGTU | 6436 | 82 | 616.757 C13C | FM7744 | 13/05/2026 | 15/04/2026 | 02/01/2016 | Books | |||||
| Dewey Decimal Classification | MEDICAL | SGT Medical Library | SGT Medical Library | Reference Book | 14/12/2016 | ABC | 1200.00 | SGTU | 6436 | 616.757 C13C | FM7745 | 14/12/2016 | 02/01/2016 | Books |